000 00824na a2200253 4500
001 13872
003 MIRAKIL
005 20181213154927.0
008 161025b tu 000 0
020 _a9751904552
035 _a13872
040 _aMilas
_btur
_cTR-AnCHP
041 _atur
_aeng
082 _a304.6021
_bT96 1991
090 _a304.6021 T96 1991
130 _a1989 Türkiye nüfus araştırması
245 _a1989 Türkiye nüfus araştırması=
_bTurkish demographic survey
_cT.C. Başbakanlık Devlet İstatistik Enstitüsü
246 _aTurkish demographic survey
260 _aAnkara
_bDevlet İstatistik Enstitüsü (DİE)
_c1991
300 _a292 s.
_bgrf.; tbl.
_c30 sm.
650 _aNüfus araştırmaları
_y1989
_zTürkiye
650 _aTürkiye
_xNüfus
_ySüreli yayınlar
942 _2ddc
_cBKS
999 _c3295
_d3295